Learning Resource and Development

Engineering mechanics : (Record no. 29922)

MARC details
000 -LEADER
fixed length control field 01551nam a2200349 i 4500
003 - CONTROL NUMBER IDENTIFIER
control field CSPC
005 - DATE AND TIME OF LATEST TRANSACTION
control field 20250811155448.0
008 - FIXED-LENGTH DATA ELEMENTS--GENERAL INFORMATION
fixed length control field 250807s2020 njua 001 0 eng d
020 ## - INTERNATIONAL STANDARD BOOK NUMBER
International Standard Book Number 9781119665281
040 ## - CATALOGING SOURCE
Transcribing agency CSPC
Original cataloging agency CSPC
Language of cataloging eng
Description conventions rda
050 00 - LIBRARY OF CONGRESS CALL NUMBER
Classification number TA352
082 00 - DEWEY DECIMAL CLASSIFICATION NUMBER
Classification number 620.1054
Item number M542e
Edition number 23
100 1# - MAIN ENTRY--PERSONAL NAME
Personal name Meriam, J.L.,
Relator term author.
245 10 - TITLE STATEMENT
Title Engineering mechanics :
Remainder of title dynamics. Volume 2, SI version /
Statement of responsibility, etc. J.L. Meriam, L.G. Kraige, and J.N. Bolton.
246 04 - VARYING FORM OF TITLE
Title proper/short title Meriam's engineering mechanics :
Remainder of title dynamics. SI version.
250 ## - EDITION STATEMENT
Edition statement Ninth edition.
250 ## - EDITION STATEMENT
Edition statement Global edition.
264 #1 - PRODUCTION, PUBLICATION, DISTRIBUTION, MANUFACTURE, AND COPYRIGHT NOTICE
Place of production, publication, distribution, manufacture Hoboken, New Jersey :
Name of producer, publisher, distributor, manufacturer John Wiley & Sons, Inc.,
Date of production, publication, distribution, manufacture, or copyright notice 2020.
300 ## - PHYSICAL DESCRIPTION
Extent xiv, 326 [P-256, PA-21] pages :
Other physical details color illustrations ;
Dimensions 26 cm.
336 ## - CONTENT TYPE
Source rdacontent
Content type term text
337 ## - MEDIA TYPE
Source rdamedia
Media type term unmediated
338 ## - CARRIER TYPE
Source rdacarrier
Carrier type term volume
500 ## - GENERAL NOTE
General note Includes index.
505 0# - FORMATTED CONTENTS NOTE
Formatted contents note Dynamics of particles -- Introduction to dynamics -- Kinematics of particles -- Kinetics particles -- Kinetics of systems of particles -- Dynamics of rigid bodies -- Plane kinematics of rigid bodies -- Plane kinetics of rigid bodies -- Introduction to three- dimensional dynamics of rigid bodies -- Vibration and time response.
650 ## - SUBJECT ADDED ENTRY--TOPICAL TERM
Topical term or geographic name entry element Mechanics, Applied.
650 ## - SUBJECT ADDED ENTRY--TOPICAL TERM
Topical term or geographic name entry element Mechanics.
650 ## - SUBJECT ADDED ENTRY--TOPICAL TERM
Topical term or geographic name entry element Dynamics.
700 1# - ADDED ENTRY--PERSONAL NAME
Personal name Kraige, L.G.,
Relator term author.
700 1# - ADDED ENTRY--PERSONAL NAME
Personal name Bolton, J.N.,
Relator term author.
942 ## - ADDED ENTRY ELEMENTS (KOHA)
Source of classification or shelving scheme Dewey Decimal Classification
Suppress in OPAC No
Koha item type Books
Classification part 620.1054
Item part M542e
Call number prefix ENG
Call number suffix 2020
Edition 23
Holdings
Withdrawn status Lost status Source of classification or shelving scheme Damaged status Not for loan Home library Current library Shelving location Date acquired Total Checkouts Full call number Barcode Date last seen Copy number Price effective from Koha item type
    Dewey Decimal Classification     Main Library Main Library Engineering Section 08/07/2025   ENG 620.1054 M542e 2020 029905 08/07/2025 1-2 08/07/2025 Books
    Dewey Decimal Classification     Main Library Main Library Engineering Section 08/11/2025   ENG 620.1054 M542e 2020 029931 08/11/2025 2-2 08/11/2025 Books